Cell physiology

This book is an introduction to cell physiology thet places special emphasis on the regulation of cellular processes and on the fundamental role of membrances in the life of the cell

Guardado en:
Detalles Bibliográficos
Autor principal: Howland, John L.
Formato: Libro
Lenguaje:Undetermined
Publicado: New York The Macmillan Company 1973
Materias:
Etiquetas: Agregar Etiqueta
Sin Etiquetas, Sea el primero en etiquetar este registro!
Thư viện lưu trữ: Trung tâm Học liệu Trường Đại học Cần Thơ
LEADER 00712nam a2200193Ia 4500
001 CTU_221068
008 210402s9999 xx 000 0 und d
082 |a 571.6 
082 |b H864 
100 |a Howland, John L. 
245 0 |a Cell physiology 
245 0 |c John L. Howland 
260 |a New York 
260 |b The Macmillan Company 
260 |c 1973 
520 |a This book is an introduction to cell physiology thet places special emphasis on the regulation of cellular processes and on the fundamental role of membrances in the life of the cell 
650 |a Cell physiology,Biochemistry,Sinh lý tế bào,Sinh hóa 
904 |i Nguyên 
980 |a Trung tâm Học liệu Trường Đại học Cần Thơ